书目信息 |
| 题名: |
李斯特
|
|
| 作者: | 杨梦露 , 刘昕 编著 | |
| 分册: | ||
| 出版信息: | 太原 山西教育出版社 2015 |
|
| 页数: | 201页 | |
| 开本: | 21cm | |
| 丛书名: | 艺术之约 | |
| 单 册: | ||
| 中图分类: | K835.155.76 | |
| 科图分类: | ||
| 主题词: | 音乐家--yin yue jia--传记--匈牙利--近代 | |
| 电子资源: | ||
| ISBN: | 978-7-5440-6117-9 | |
| 000 | 01134nam 2200313 450 | |
| 001 | 1723180492 | |
| 005 | 20161207151528.0 | |
| 010 | @a978-7-5440-6117-9@dCNY31.90 (含光盘) | |
| 010 | @a978-7-7900-1397-7@b光盘 | |
| 100 | @a20160318d2015 em y0chiy50 ea | |
| 101 | 0 | @achi |
| 102 | @aCN@b140000 | |
| 105 | @aac z 000yb | |
| 106 | @ar | |
| 200 | 1 | @a李斯特@Ali si te@d= Liszt@f杨梦露, 刘昕编著@zeng |
| 210 | @a太原@c山西教育出版社@d2015 | |
| 215 | @a201页@c图, 肖像@d21cm@e光盘1片 | |
| 225 | 2 | @a艺术之约@Ayi shu zhi yue@i音乐卷 |
| 330 | @a本书共分为: 天赐恩宠 ; 冷暖巴黎 ; 桃色之劫 ; 魏玛哲思 ; 天妒我才几部分, 主要内容包括: 老琴斯频耐、先有车尔尼、后有李斯特、洗礼、风雨维艰、音乐狂徒、种子、红酒味的牡丹亭、与命运一博等。 | |
| 410 | 0 | @12001^@a艺术之约@i音乐卷 |
| 510 | 1 | @aLiszt@zeng |
| 600 | 1 | @a李斯特@Ali si te@g(Liszt, Franz),@f1811-1886@x传记 |
| 606 | 0 | @a音乐家@Ayin yue jia@x传记@y匈牙利@z近代 |
| 690 | @aK835.155.76@v5 | |
| 701 | 0 | @a杨梦露@Ayang meng lu@4编著 |
| 701 | 0 | @a刘昕@Aliu xin@4编著 |
| 801 | 0 | @aCN@b人天书店@c20160318 |
| 801 | 0 | @aCN@bFDU @c20160513 |
| 905 | @aBZT@dK835.155.76@e2 | |
| 李斯特= Liszt/杨梦露, 刘昕编著.-太原:山西教育出版社,2015 |
| 201页:图, 肖像;21cm+光盘1片.-(艺术之约.音乐卷) |
| ISBN 978-7-5440-6117-9:CNY31.90 (含光盘) |
| 本书共分为: 天赐恩宠 ; 冷暖巴黎 ; 桃色之劫 ; 魏玛哲思 ; 天妒我才几部分, 主要内容包括: 老琴斯频耐、先有车尔尼、后有李斯特、洗礼、风雨维艰、音乐狂徒、种子、红酒味的牡丹亭、与命运一博等。 |
| ● |
| 相关链接 |
|
|
|
正题名:李斯特
索取号:K835.155.76/2
 
预约/预借
| 序号 | 登录号 | 条形码 | 馆藏地/架位号 | 状态 | 备注 |
| 1 | 826925 | 2000826925 | 第二书库/ [索取号:K835.155.76/2] | 在馆 | |
| 2 | 826926 | 2000826926 | 第二书库/ [索取号:K835.155.76/2] | 在馆 | |
| 3 | 826927 | 2000826927 | 第二书库/ [索取号:K835.155.76/2] | 在馆 |